Представление документа в формате RUSMARC

ПолеНазваниеЗначение
  Тип записи a
  Библиографический уровень m
001 Контрольный номер RU/SLIB/B/208719814
005 Дата корректировки 20201206203940.3
010 Индекс ISBN __
d Цена 0-27
101 Язык документа __
a Язык текста rus
200 Заглавие и сведения об ответственности 0_
a Заглавие Фридрих Зорге - человек упрямой справедливости
b Общее обозначение материала Текст
210 Выходные данные __
a Место издания М.
c Издательство Мысль
d Дата издания 1966
215 Физическое описание __
a Объем 176 с.
600 Персоналии __
a Персоналии (Фамилия) Зоpге, Ф.
606 Тематические рубрики __
a Основная рубрика История
606 Тематические рубрики __
a Основная рубрика Европа с 1918 г. -
610 Ключевые слова __
a Ключевые слова вторая мировая война; Великая Отечественная война; персоналии
686 Индексы других классификаций __
a Классификационный индекс 63.3(4Гем)6-8
686 Индексы других классификаций __
a Классификационный индекс 63.3(7Сое)6-8
700 Автор _1
a Фамилия Румянцева
b Имя Н.
4 Код отношения 070
801 Источник записи _0
a Страна RU
b Организация Муниципальное бюджетное учреждение культуры "Централизованная библиотечная система" г. Сургут (Центральная городская библиотека им. А. С. Пушкина)
g Правила каталогизации ОК/Цикалюк
801 Источник записи _1
a Страна RU
b Организация Муниципальное бюджетное учреждение культуры "Централизованная библиотечная система" г. Сургут (Центральная городская библиотека им. А. С. Пушкина)
g Правила каталогизации ОК/Цикалюк
852 Данные о местонахождении __
j Шифр хранения 63.3(4Гем)6-8
c Каталожный индекс 63.3(4Гем)-8; 63.3(7Сое)-8
i Авторский знак Р 86
p Инвентарный номер 21279(с)
901 Тип документа __
t Тип документа m
990 Данные о заказе (DOS) __
j Количество экземпляров (DOS) 1